[Event "TUR-chT Clubs"]
[Site "Konya"]
[Date "2019.07.18"]
[Round "4.14"]
[White "Celik, Berkay"]
[Black "Gulten, Erman"]
[Result "1-0"]
[WhiteElo "1876"]
[BlackElo "1791"]
[PlyCount "51"]
[EventDate "2019.07.16"]
[EventType "team-swiss"]
[EventRounds "9"]
[EventCountry "TUR"]
[SourceTitle "CBM 191 Extra"]
[Source "ChessBase"]
[SourceDate "2019.09.30"]
[SourceVersion "1"]
[SourceVersionDate "2019.09.30"]
[SourceQuality "1"]
[WhiteTeam "Akcakoca Esentepe Okulu"]
[BlackTeam "Mersin Zeka"]
[WhiteTeamCountry "TUR"]
[BlackTeamCountry "TUR"]

1. e4 c5 2. Na3 Nf6 3. d3 Nc6 4. f4 d6 5. Nf3 g6 6. c3 Bg7 7. Be2 0-0 8. h3 a6 9. g4 b5 10. g5 Nd7 11. Nc2 f5 12. exf5 Rxf5 13. d4 Bb7 14. Bd3 Rf8 15. h4 cxd4 16. cxd4 e5 17. h5 e4 18. Bxe4 Re8 19. Ne5 dxe5 20. Bd5+ Kf8 21. fxe5 Ndxe5 22. 0-0+ Ke7 23. dxe5 Nxe5 24. Bxb7 Qb6+ 25. Be3 Qxb7 26. Bc5+ 1-0

[Event "TUR-chT 2nd League"]
[Site "Konya"]
[Date "2017.07.23"]
[Round "9.14"]
[White "Gulten, Erman"]
[Black "Karahan, Anil"]
[Result "0-1"]
[WhiteElo "1779"]
[BlackElo "1791"]
[PlyCount "68"]
[EventDate "2017.07.17"]
[EventType "team-swiss"]
[EventRounds "9"]
[EventCountry "TUR"]
[SourceTitle "EXT 2018"]
[Source "ChessBase"]
[SourceDate "2017.10.13"]
[SourceVersion "1"]
[SourceVersionDate "2017.10.13"]
[SourceQuality "1"]
[WhiteTeam "Mersin Zeka"]
[BlackTeam "Pamukkale Yonetimi"]
[WhiteTeamCountry "TUR"]
[BlackTeamCountry "TUR"]

1. d4 Nf6 2. Nf3 g6 3. c4 Bg7 4. Nc3 0-0 5. e4 d6 6. Be2 e5 7. 0-0 Nc6 8. d5 Ne7 9. Ne1 Nd7 10. Be3 f5 11. f3 f4 12. Bf2 g5 13. Nd3 Rf7 14. Rc1 Bf8 15. a4 Rg7 16. c5 a6 17. cxd6 cxd6 18. Qb3 h5 19. g3 Ng6 20. gxf4 exf4 21. Bd4 Nde5 22. Kh1 Nxd3 23. Bxd3 Rf7 24. a5 Bh3 25. Rg1 Bg7 26. Bb6 Qf6 27. Ne2 g4 28. Nd4 g3 29. Bf1 Qh4 30. Qc2 Rc8 31. Qxc8+ Bxc8 32. Rxc8+ Kh7 33. h3 Ne5 34. Kg2 Ng4 0-1

[Event "TUR-chT 2nd League"]
[Site "Konya"]
[Date "2017.07.20"]
[Round "6.7"]
[White "Kabuk, Erdem"]
[Black "Gulten, Erman"]
[Result "1-0"]
[WhiteElo "1710"]
[BlackElo "1779"]
[PlyCount "59"]
[EventDate "2017.07.17"]
[EventType "team-swiss"]
[EventRounds "9"]
[EventCountry "TUR"]
[SourceTitle "CBM 179 Extra"]
[Source "ChessBase"]
[SourceDate "2017.08.23"]
[SourceVersion "1"]
[SourceVersionDate "2017.08.23"]
[SourceQuality "1"]
[WhiteTeam "Genc Efe Izcilik"]
[BlackTeam "Mersin Zeka"]
[WhiteTeamCountry "TUR"]
[BlackTeamCountry "TUR"]

1. e4 d6 2. d4 Nf6 3. Nc3 g6 4. Be3 Bg7 5. Qd2 b5 6. 0-0-0 0-0 7. g4 h5 8. gxh5 Nxh5 9. Nce2 Nd7 10. Ng3 Ndf6 11. N1e2 Kh7 12. Nxh5 Nxh5 13. Ng3 f5 14. Nxh5 gxh5 15. Rg1 Qe8 16. d5 c5 17. Rxg7+ Kxg7 18. Bh6+ Kh7 19. Bxb5 Qf7 20. Bxf8 Qxf8 21. Rg1 Rb8 22. Bd3 Bd7 23. Qg5 Qh6 24. exf5 Qxg5+ 25. Rxg5 Kh6 26. Rg6+ Kh7 27. f6 exf6 28. Rxf6+ Kg7 29. Rxd6 Be8 30. Ra6 1-0

[Event "TUR-chT 2nd League"]
[Site "Konya"]
[Date "2017.07.18"]
[Round "2.12"]
[White "Uysal, Burak"]
[Black "Gulten, Erman"]
[Result "0-1"]
[WhiteElo "1328"]
[BlackElo "1779"]
[PlyCount "71"]
[EventDate "2017.07.17"]
[EventType "team-swiss"]
[EventRounds "9"]
[EventCountry "TUR"]
[SourceTitle "CBM 179 Extra"]
[Source "ChessBase"]
[SourceDate "2017.08.23"]
[SourceVersion "1"]
[SourceVersionDate "2017.08.23"]
[SourceQuality "1"]
[WhiteTeam "Denizli Ihtisas"]
[BlackTeam "Mersin Zeka"]
[WhiteTeamCountry "TUR"]
[BlackTeamCountry "TUR"]

1. c4 e5 2. Nc3 f5 3. g3 Nf6 4. Bg2 Bc5 5. d3 d6 6. b4 Bb6 7. Bg5 Bxf2+ 8. Kf1 Bd4 9. Qb3 c6 10. e3 Bxc3 11. Qxc3 0-0 12. Ne2 Nbd7 13. d4 h6 14. Bxf6 Nxf6 15. d5 cxd5 16. Bxd5+ Nxd5 17. cxd5 Bd7 18. Kg2 Rc8 19. Qd2 Bb5 20. Rac1 Qg5 21. Nc3 Bc4 22. Nb1 f4 23. e4 f3+ 24. Kf2 Qg4 25. Na3 Qxe4 26. Rxc4 Rxc4 27. Nxc4 Qxc4 28. Rc1 Qg4 29. Qe1 Qd4+ 30. Qe3 Qb2+ 31. Ke1 Qxh2 32. Qf2 Qh1+ 33. Kd2 Qh5 34. Rc3 Qg5+ 35. Re3 e4 36. Kc2 0-1

[Event "TUR-ch"]
[Site "Kemer"]
[Date "2012.02.04"]
[Round "9"]
[White "Gulten, Erman"]
[Black "Unver, Cumali"]
[Result "0-1"]
[WhiteElo "1832"]
[BlackElo "1998"]
[PlyCount "96"]
[EventDate "2012.01.29"]
[EventType "swiss"]
[EventRounds "10"]
[EventCountry "TUR"]
[SourceTitle "CBM 146 Extra"]
[Source "ChessBase"]
[SourceDate "2012.02.29"]
[SourceVersion "1"]
[SourceVersionDate "2012.02.29"]
[SourceQuality "1"]

1. d4 d6 2. Nf3 Bg4 3. Bf4 Nd7 4. Nbd2 g6 5. h3 Bxf3 6. Nxf3 Bg7 7. e4 e5 8. dxe5 Nxe5 9. Nxe5 Bxe5 10. Bxe5 dxe5 11. Bc4 Qxd1+ 12. Rxd1 Nf6 13. f3 h5 14. Rd3 Ke7 15. Ke2 Rhd8 16. Rhd1 Rxd3 17. Rxd3 c6 18. a4 h4 19. Rb3 b6 20. Ba6 Kd6 21. Rc3 Rb8 22. Rd3+ Kc7 23. Bc4 Nh5 24. Rd1 Nf4+ 25. Kf2 f6 26. g3 hxg3+ 27. Kxg3 b5 28. axb5 cxb5 29. Bf1 a5 30. Ra1 Kb6 31. Rd1 Kc6 32. h4 b4 33. b3 Rc8 34. Bc4 Kc5 35. Bf7 Rc6 36. Kg4 Rd6 37. Rxd6 Kxd6 38. h5 gxh5+ 39. Bxh5 Ke7 40. Kh4 Ng2+ 41. Kg3 Ne3 42. f4 Kd6 43. Be8 Kc5 44. f5 Nxc2 45. Kg4 Nd4 46. Ba4 Ne2 47. Kf3 Nc3 48. Bd7 a4 0-1

[Event "TUR-ch"]
[Site "Kemer"]
[Date "2012.01.31"]
[Round "5"]
[White "Ozdover, Mustafa Berkay"]
[Black "Gulten, Erman"]
[Result "1/2-1/2"]
[WhiteElo "1985"]
[BlackElo "1832"]
[PlyCount "57"]
[EventDate "2012.01.29"]
[EventType "swiss"]
[EventRounds "10"]
[EventCountry "TUR"]
[SourceTitle "CBM 146 Extra"]
[Source "ChessBase"]
[SourceDate "2012.02.29"]
[SourceVersion "1"]
[SourceVersionDate "2012.02.29"]
[SourceQuality "1"]

1. d4 Nf6 2. c4 e6 3. Nf3 d5 4. Nc3 Be7 5. e3 0-0 6. Bd3 c6 7. 0-0 Nbd7 8. Qe2 b6 9. e4 dxe4 10. Nxe4 Bb7 11. Rd1 Qc7 12. Bg5 Rfe8 13. Nxf6+ Nxf6 14. c5 bxc5 15. dxc5 Nd5 16. Qc2 h6 17. Bd2 Bf6 18. Rab1 a5 19. Qa4 Ba6 20. Bxa6 Rxa6 21. b4 Bc3 22. b5 cxb5 23. Qxb5 Rc6 24. Rdc1 Bxd2 25. Nxd2 Rc8 26. Nb3 Rb8 27. Qxa5 Qxa5 28. Nxa5 Rxb1 29. Rxb1 1/2-1/2

[Event "TUR-ch"]
[Site "Kemer"]
[Date "2011.02.05"]
[Round "1"]
[White "Gulten, Erman"]
[Black "Yuksel, Atilla Koksal"]
[Result "0-1"]
[WhiteElo "1849"]
[BlackElo "2029"]
[PlyCount "87"]
[EventDate "2011.02.05"]
[EventType "swiss"]
[EventRounds "10"]
[EventCountry "TUR"]
[SourceTitle "CBM 140 Extra"]
[Source "ChessBase"]
[SourceDate "2011.03.01"]
[SourceVersion "1"]
[SourceVersionDate "2011.03.01"]
[SourceQuality "1"]

1. d4 d5 2. Nf3 Nf6 3. c4 e6 4. Nc3 c6 5. Bg5 Nbd7 6. e3 Qa5 7. Nd2 Bb4 8. Qc2 0-0 9. Be2 e5 10. dxe5 Ne4 11. Ndxe4 dxe4 12. 0-0 Bxc3 13. Qxc3 Qxc3 14. bxc3 Nxe5 15. Be7 Re8 16. Bd6 b6 17. c5 bxc5 18. Rfd1 Bf5 19. Bxc5 Nd3 20. Bxd3 exd3 21. f3 Red8 22. Rab1 Be6 23. a4 a5 24. Rb6 Rac8 25. Ra6 Bc4 26. Rxa5 d2 27. Kf2 Bb3 28. Ke2 Bxd1+ 29. Kxd1 Ra8 30. Rxa8 Rxa8 31. Kxd2 Rxa4 32. Kd3 Ra2 33. Bd6 Rxg2 34. Kc4 Rg5 35. e4 f6 36. f4 Rb5 37. Kd4 Kf7 38. c4 Ra5 39. Bc7 Rh5 40. f5 Ke8 41. Ke3 g6 42. fxg6 hxg6 43. Bg3 Kd7 44. Kd4 0-1